000 00267nam a2200109Ia 4500
005 20251222114357.0
008 251222s1900||||xx |||||||||||||| ||spa||
082 _aDVD0080/R55/2001
245 0 _aLa caída del halcón negro
264 _bRevolution Studios
942 _cDVD
999 _c1500
_d1500